Beyond mechanization
Guardat en:
| Autor principal: | |
|---|---|
| Format: | Llibre |
| Idioma: | Undetermined |
| Publicat: |
Cambridge, Mass
MIT Press
1984
|
| Matèries: | |
| Etiquetes: |
Afegir etiqueta
Sense etiquetes, Sigues el primer a etiquetar aquest registre!
|
| Thư viện lưu trữ: | Trung tâm Học liệu Trường Đại học Cần Thơ |
|---|
| LEADER | 00494nam a2200181Ia 4500 | ||
|---|---|---|---|
| 001 | CTU_83464 | ||
| 008 | 210402s9999 xx 000 0 und d | ||
| 082 | |a 338 | ||
| 082 | |b H669 | ||
| 100 | |a Hirschhorn, Larry | ||
| 245 | 0 | |a Beyond mechanization | |
| 245 | 0 | |c Larry Hirschhorn | |
| 260 | |a Cambridge, Mass | ||
| 260 | |b MIT Press | ||
| 260 | |c 1984 | ||
| 650 | |a Cybernetics,Machinery in the workplace | ||
| 904 | |i QHieu(sửa) | ||
| 980 | |a Trung tâm Học liệu Trường Đại học Cần Thơ | ||